<?xml version="1.0" encoding="UTF-8"?>
<record
    xmlns:xsi="http://www.w3.org/2001/XMLSchema-instance"
    xsi:schemaLocation="http://www.loc.gov/MARC21/slim http://www.loc.gov/standards/marcxml/schema/MARC21slim.xsd"
    xmlns="http://www.loc.gov/MARC21/slim">

  <leader>01142nam a2200301   4500</leader>
  <controlfield tag="003">OSt</controlfield>
  <controlfield tag="005">20260530115307.0</controlfield>
  <controlfield tag="008">260506b2005    mx ||||| |||| 00| 0 spa d</controlfield>
  <datafield tag="040" ind1=" " ind2=" ">
    <subfield code="a">ICI</subfield>
    <subfield code="b">SPA</subfield>
    <subfield code="c">ICI</subfield>
  </datafield>
  <datafield tag="041" ind1=" " ind2=" ">
    <subfield code="a">spa</subfield>
  </datafield>
  <datafield tag="050" ind1=" " ind2=" ">
    <subfield code="a">NK1414.Z9</subfield>
    <subfield code="b">C36</subfield>
  </datafield>
  <datafield tag="100" ind1="1" ind2=" ">
    <subfield code="a">Campos, Mar&#xED;a Aurora </subfield>
    <subfield code="e">artista</subfield>
    <subfield code="9">32245</subfield>
  </datafield>
  <datafield tag="245" ind1="1" ind2="0">
    <subfield code="a">Mar&#xED;a Aurora Campos</subfield>
    <subfield code="c">coordinaci&#xF3;n editorial Eugenia Gonz&#xE1;lez</subfield>
  </datafield>
  <datafield tag="264" ind1=" " ind2="1">
    <subfield code="a">[M&#xE9;xico] :</subfield>
    <subfield code="b">Biblioteca de Dise&#xF1;o Qu&#xF3;rum, </subfield>
    <subfield code="c">[2005]</subfield>
  </datafield>
  <datafield tag="300" ind1=" " ind2=" ">
    <subfield code="a">59 p&#xE1;ginas : </subfield>
    <subfield code="b">ilustraciones, retratos</subfield>
  </datafield>
  <datafield tag="336" ind1=" " ind2=" ">
    <subfield code="a">texto</subfield>
    <subfield code="2">rdacontent</subfield>
  </datafield>
  <datafield tag="337" ind1=" " ind2=" ">
    <subfield code="a">sin medio</subfield>
    <subfield code="2">rdamedia</subfield>
  </datafield>
  <datafield tag="338" ind1=" " ind2=" ">
    <subfield code="a">volumen</subfield>
    <subfield code="2">rdacarrier</subfield>
  </datafield>
  <datafield tag="600" ind1="1" ind2=" ">
    <subfield code="a">Campos, Mar&#xED;a Aurora </subfield>
    <subfield code="x">Cr&#xED;tica e interpretaci&#xF3;n</subfield>
    <subfield code="9">32246</subfield>
  </datafield>
  <datafield tag="700" ind1="1" ind2=" ">
    <subfield code="a">Gonz&#xE1;lez, Eugenia,</subfield>
    <subfield code="e">editor</subfield>
    <subfield code="9">32247</subfield>
  </datafield>
  <datafield tag="700" ind1="1" ind2=" ">
    <subfield code="a">Garc&#xED;a Pablo / Retorno Tassier</subfield>
    <subfield code="e">Dise&#xF1;o</subfield>
    <subfield code="9">32248</subfield>
  </datafield>
  <datafield tag="700" ind1="1" ind2=" ">
    <subfield code="a">Escamilla Denise</subfield>
    <subfield code="e">Fotograf&#xED;a de proyectos</subfield>
    <subfield code="9">32249</subfield>
  </datafield>
  <datafield tag="700" ind1="1" ind2=" ">
    <subfield code="a">D&#xED;az de Casanova Mariana</subfield>
    <subfield code="e">Correcci&#xF3;n de estilo</subfield>
    <subfield code="9">32250</subfield>
  </datafield>
  <datafield tag="700" ind1="1" ind2=" ">
    <subfield code="a">Mart&#xED;nez V&#xED;ctor </subfield>
    <subfield code="e">Ilustraci&#xF3;n pag 2</subfield>
    <subfield code="9">32251</subfield>
  </datafield>
  <datafield tag="700" ind1="1" ind2=" ">
    <subfield code="a">Comit&#xE9; XV Premio Qu&#xF3;rum </subfield>
    <subfield code="e">Edici&#xF3;n</subfield>
    <subfield code="9">32252</subfield>
  </datafield>
  <datafield tag="700" ind1="1" ind2=" ">
    <subfield code="a">CENVEO Houston &amp; Los Angeles </subfield>
    <subfield code="e">Impresi&#xF3;n </subfield>
    <subfield code="9">32253</subfield>
  </datafield>
  <datafield tag="942" ind1=" " ind2=" ">
    <subfield code="2">lcc</subfield>
    <subfield code="c">BK</subfield>
    <subfield code="n">1</subfield>
  </datafield>
  <datafield tag="999" ind1=" " ind2=" ">
    <subfield code="c">13171</subfield>
    <subfield code="d">13171</subfield>
  </datafield>
</record>
